000
00253nam a2200109Ia 4500
008
190216s9999||||xx |||||||||||||| ||und||
100
_a
Agrawal P K
245
0
_a
Iit Physics
260
_b
Krishna Prakashan Media
_c
1996
300
_a
17000p
942
_c
REF
999
_c
36224
_d
36224